| 000 | 00730nam a2200217 a 4500 | ||
|---|---|---|---|
| 005 | 20240928063751.0 | ||
| 008 | 030411s2000 mx r 000 0 spa d | ||
| 020 | _a9688604291 | ||
| 035 | _aUPN01000149869 | ||
| 049 | _aCG | ||
| 050 | 4 |
_aHF5414 _bL3.3 |
|
| 100 | 1 | _aLara, María Luisa | |
| 245 | 1 | 0 |
_aFilantropía empresarial : _bconvicción y estrategia : estrategias de mercadeo y relaciones públicas dirigidas a causas sociales / _cMaría Luisa Lara. |
| 260 |
_aMéxico : _bPax México, _cc2000. |
||
| 300 | _axx, 135 p. | ||
| 650 | 4 |
_aMERCADOTECNIA SOCIAL _96857 |
|
| 650 | 7 |
_aToma de decisiones _2 _91881 |
|
| 650 | 4 |
_aIndustrias _xAspectos sociales _93582 |
|
| 650 | 4 |
_aEmpresas _xAdministración _9229 |
|
| 905 | _aLibro | ||
| 999 |
_c122010 _d122010 |
||